US States With The Highest Death Rate's - Statistics

General Stats
  • This quiz has been taken 22 times
  • The average score is 9 of 10
Answer Stats
Death Rate per 100k State % Correct
1,367k Alabama
100%
1,337k Kentucky
100%
1,260k South Carolina
100%
1,307k Tennessee
100%
1,324k Arkansas
94%
1,393k Mississippi
94%
1,655k West Virginia
94%
1,253k Ohio
88%
1,278k Oklahoma
88%
1,258k Maine
56%
No matching quizzes found
Score Distribution
Percent of People with Each Score
Percentile by Number Answered
Your Score History
You have not taken this quiz